|
|
|
|
| LEADER |
00927nam a2200253 a 4500 |
| 001 |
00026812 |
| 008 |
130408s1978 ilu b 001 0 eng d |
| 010 |
|
|
|a 78183822
|
| 020 |
|
|
|a 0226320847
|
| 040 |
|
|
|a DLC
|c DLC
|d DLC
|d BD-DhAAL
|
| 082 |
0 |
0 |
|a 320.1
|
| 100 |
1 |
|
|a Hayek, Friedrich A. von
|q (Friedrich August),
|d 1899-1992.
|
| 245 |
1 |
4 |
|a The constitution of liberty /
|c F. A. Hayek.
|
| 260 |
|
|
|a Chicago :
|b Regnery,
|c 1978
|
| 300 |
|
|
|a viii, 567 p. ;
|c 21 cm.
|
| 500 |
|
|
|a "A Gateway edition, 6163."
|
| 504 |
|
|
|a Includes Bibliography (p. [413]-531.)
|
| 541 |
|
|
|e 00026812
|
| 650 |
|
0 |
|a Liberty.
|
| 650 |
|
0 |
|a Rule of law.
|
| 650 |
|
0 |
|a Social policy.
|
| 852 |
1 |
|
|a Ayesha Abed Library
|c General shelf.
|
| 999 |
|
|
|c 13280
|d 13280
|
| 952 |
|
|
|0 0
|1 0
|2 ddc
|4 0
|6 320_100000000000000_HAY
|7 0
|9 22174
|a IGS
|b IGS
|c GEN
|d 2013-04-10
|e A H Development Publishing House
|g 3200.00
|l 1
|m 2
|o 320.1 HAY
|p 3010026812
|r 2014-06-10
|s 2013-05-07
|t 1
|w 2013-04-10
|y BK
|